000 00623nam a22002177a 4500
003 UA-OsUOA
001 118756
007 ta
008 20160914b un ||||| |||| 00| 0 ukr d
100 _aМар'їна О.
090 _a02
_bМ25
942 _cSA
040 _aUA-OsUOA
_bukr
_cUA-OsUOA
_dUA-OsUOA
245 _aКонтент-стратегії бібліотек у цифровому середовищі
300 _aС.8-13
955 _a0
041 _aukr
080 _a02
773 0 _w118754
_tБібліотечний вісник
_dК.
_d2016
_g4
650 7 _a02 Бібліотечна справа
_2UDC
999 _c404865
_d404865